Pensamientos de un creyente católico, ó sean consideraciones filosoficas morales y religiosas sobre el materialismo moderno, y otros puntos, como el alma de las bestias, la frenologìa, el suicidio, el duelo ó desafio y el magnetismo animal / (Record no. 174287)
[ view plain ]
| 000 -LEADER | |
|---|---|
| campo de control de longitud fija | 00880namaa22002051 4500 |
| 001 - NÚMERO DE CONTROL | |
| campo de control | 174287 |
| 003 - IDENTIFICADOR DE NÚMERO DE CONTROL | |
| campo de control | ES-MaACL |
| 005 - FECHA Y HORA DE LA ÚLTIMA TRANSACCIÓN | |
| campo de control | 20250717061210.0 |
| 008 - DATOS DE LONGITUD FIJA--INFORMACIÓN GENERAL | |
| campo de control de longitud fija | 100323s1854 sp r |||| | spa d |
| 080 ## - NÚMERO DE LA CLASIFICACIÓN DECIMAL UNIVERSAL | |
| Número de la Clasificación Decimal Universal | 230.1 |
| 080 ## - NÚMERO DE LA CLASIFICACIÓN DECIMAL UNIVERSAL | |
| Número de la Clasificación Decimal Universal | 141.12 |
| 100 1# - ENTRADA PRINCIPAL--NOMBRE DE PERSONA | |
| Nombre de persona | Debreyne, Pierre-Jean-Corneille. |
| 9 (RLIN) | 142370 |
| 245 10 - MENCIÓN DEL TÍTULO | |
| Título | Pensamientos de un creyente católico, ó sean consideraciones filosoficas morales y religiosas sobre el materialismo moderno, y otros puntos, como el alma de las bestias, la frenologìa, el suicidio, el duelo ó desafio y el magnetismo animal / |
| Mención de responsabilidad, etc. | obra... por P. J. C. Debreyne traducida al español de la tercera edición. |
| 260 ## - PUBLICACIÓN, DISTRIBUCIÓN, ETC. | |
| Lugar de publicación, distribución, etc. | Barcelona : |
| Nombre del editor, distribuidor, etc. | Librería Religiosa, |
| Fecha de publicación, distribución, etc. | 1854 ( |
| Fabricante | Impr. de Pablo Riera) |
| 300 ## - DESCRIPCIÓN FÍSICA | |
| Extensión | 322 p. ; |
| Dimensiones | 22 cm. |
| 650 07 - PUNTO DE ACCESO ADICIONAL DE MATERIA--TÉRMINO DE MATERIA | |
| Término de materia o nombre geográfico como elemento de entrada | Materialismo |
| Fuente del encabezamiento o término | embne |
| 9 (RLIN) | 14847 |
| 650 04 - PUNTO DE ACCESO ADICIONAL DE MATERIA--TÉRMINO DE MATERIA | |
| Término de materia o nombre geográfico como elemento de entrada | Apologética. |
| 9 (RLIN) | 9921 |
| 852 ## - LOCALIZACIÓN | |
| Ubicación | ES-MaACL |
| Número de control de estantería | C-667 |
| Estatus retirado | Estado de pérdida | Estado de daño | No para préstamo | Colección | Biblioteca de origen | Biblioteca actual | Ubicación en estantería | Fecha de adquisición | Fuente de adquisición | Total de préstamos | Signatura topográfica completa | Código de barras | Visto por última vez | Precio de reemplazo | Tipo de ítem Koha |
|---|---|---|---|---|---|---|---|---|---|---|---|---|---|---|---|
| Libros del s. XIX | Biblioteca del Ateneo de Madrid | Biblioteca del Ateneo de Madrid | Sala Palomar | 23/03/2010 | C-667 | 1182941 | 23/02/2023 | 23/02/2023 | Libro impreso antiguo |
